Mugglecast hosts Quiz Stats

 Plays Quiz not verified by Sporcle

Challenge
Share
Tweet
Embed
Score 0/21 Timer 02:00
0 Plays Today
Debut Episode Host % Correct
1Andrew Sims
90.3%
3Eric Scull
87.1%
11Micah Tannenbaum
87.1%
1Ben Schoen
83.9%
8Laura Thompson
83.9%
3Jamie Lawrence
74.2%
73Mikey B
67.7%
108-113Matt Britton
67.7%
1Kevin Steck
64.5%
133Elysa Montfort
58.1%
7Melissa Anelli
51.6%
Debut Episode Host % Correct
15Emerson Spartz
51.6%
7John Noe
48.4%
168Nick Myers
45.2%
27Dylan Spartz
32.3%
163Penny Gershman
32.3%
28Rachel Godoy
19.4%
107Jerry Cooke
19.4%
120Andy McCray
19.4%
33Greg Porter
16.1%
214Richard Reid
6.5%

You're not logged in!

Compare scores with friends on all Sporcle quizzes.
Join for Free
OR
Log In

You Might Also Like...

Show Comments

Extras

Created Jul 14, 2010SourceReportNominate
Tags:2010, count, debut, episode, host

Top Quizzes Today


Score Distribution

Your Account Isn't Verified!

In order to create a playlist on Sporcle, you need to verify the email address you used during registration. Go to your Sporcle Settings to finish the process.

Report this User

Report this user for behavior that violates our Community Guidelines.

Details: